| 000 | 00884nam a2200325Ia 4500 | ||
|---|---|---|---|
| 008 | 170711s9999 xx 000 0 und d | ||
| 020 | _a9781858215686 | ||
| 050 | _a940.54 | ||
| 050 | _bM137 1998 | ||
| 100 | _aMacDougall, Andrew Guthrie | ||
| 245 | 4 | _aThe Guthrie saga : | |
| 245 | _bincluding diary of Andrew J. Guthrie 1877-1883 / | ||
| 245 | _cby Andrew Guthrie MacDougall | ||
| 260 | _aEdinburgh : | ||
| 260 | _bThe Pentland Press Limited, | ||
| 260 | _c1998 | ||
| 300 | _axvi, 187 pages : | ||
| 300 | _billustrations ; | ||
| 300 | _c21cm. | ||
| 500 | _aIncludes appendix. | ||
| 650 | _aGreat Britain -- | ||
| 650 | _aGuthrie, Andrew J. -- | ||
| 650 | _aGuthrie, Andrew J. -- | ||
| 650 | _aMacDougall, Andrew Guthrie -- | ||
| 650 | _xBiography. | ||
| 650 | _xBiography. | ||
| 650 | _xDiaries. | ||
| 650 | _xRoyal Air Force. | ||
| 700 | _aTitle. | ||
| 999 |
_c340013 _d340013 |
||